| 000 | 00916nam a2200229Ia 4500 | ||
|---|---|---|---|
| 003 | Ost | ||
| 005 | 20260507074939.0 | ||
| 008 | 260507s9999||||xx |||||||||||||| ||und|| | ||
| 020 | _a2188189957 | ||
| 040 | _cfsecg | ||
| 041 | _aara | ||
| 082 | _a1.4 | ||
| 100 |
_aعناية، غازي _eمؤلف |
||
| 245 | 0 |
_aمنهجية اعداد البحث العلمي : _bبكالوريوس- ماجستير - دكتوراه / _c غازي عناية |
|
| 260 |
_aعمان: _bدار المناهج للنشر و التوزيع, _c2008 |
||
| 300 |
_a266 صفحة؛ _c24 سم |
||
| 504 | _aمراجع ص.265 | ||
| 520 | _aمقدمة عن نشأة و اهمية منهنج البحث العلمي مع تناول مقدمة تاريخية عن اهمية و نشأة البحث العلمي و اخيرا إعداد بحث المخطوطة. | ||
| 653 | _aالبحث | ||
| 653 | _aطرق البحث | ||
| 942 | _cكتاب | ||
| 999 |
_c41912 _d41912 |
||